| 000 | 00863nam a2200217Ia 4500 | ||
|---|---|---|---|
| 999 |
_c56070 _d56070 |
||
| 001 | 23170 | ||
| 003 | GE_BSU | ||
| 005 | 20230717111831.0 | ||
| 008 | 181216s1973||||ge |||||||||||||| ||geo|| | ||
| 040 | _cGE_BSU | ||
| 041 | _ageo | ||
| 080 | _a821.112.2-32 მ-27 | ||
| 100 |
_aმანი, ჰაინრიჰ _916244 |
||
| 245 |
_aნოველები / _cჰაინრიჰ მანი ; გერმ. თარგმნა და წინასიტყვ. დაურთო ნ. რუხაძემ ; რედ. ც. ბუაჩიძე. |
||
| 264 |
_aთბილისი : _bსაბჭ. საქართველო, _c1973. |
||
| 300 |
_a331 გვ. ; _c17 სმ. |
||
| 541 | _h1ლ. 20თ. | ||
| 653 | _aნოველები | ||
| 700 |
_aბუაჩიძე, ც. _eრედაქტორი _919367 |
||
| 942 |
_cBK _2udc |
||